[Event "France-ch U14"]
[Site "Reims"]
[Date "2004.04.19"]
[Round "2"]
[White "Rosier, Kevin"]
[Black "Esposito, Mathieu"]
[Result "0-1"]
[WhiteElo "1820"]
[BlackElo "2050"]
[PlyCount "102"]
[EventDate "2004.04.??"]
[EventType "swiss"]
[EventRounds "9"]
[EventCountry "FRA"]
[SourceTitle "EXT 2005"]
[Source "ChessBase"]
[SourceDate "2004.11.15"]
[SourceVersion "1"]
[SourceVersionDate "2004.11.15"]
[SourceQuality "1"]

1. e4 e5 2. Nf3 Nc6 3. Bc4 Bc5 4. d3 h6 5. 0-0 Nf6 6. Bb3 d6 7. c3 Bg4 8. Re1 0-0 9. Nbd2 Ne7 10. Nf1 Ng6 11. h3 Bd7 12. Ng3 Re8 13. Bd2 a5 14. a3 b5 15. d4 Bb6 16. Qc1 c5 17. Nf5 c4 18. Bc2 Bc7 19. g4 Nf8 20. Kh1 N6h7 21. Rg1 Ng6 22. Bxh6 gxh6 23. Qxh6 Qf6 24. h4 Nf4 25. Qxf6 Nxf6 26. g5 N6h5 27. dxe5 dxe5 28. Nh2 Kh7 29. Ng4 Kg6 30. Rad1 Be6 31. Nge3 Nh3 32. Rgf1 Rad8 33. Ng2 N5f4 34. Nxf4+ Nxf4 35. Kh2 Nd3 36. Bxd3 Rxd3 37. Rxd3 cxd3 38. Ne3 Rd8 39. Rd1 Bb6 40. Kg3 Bxe3 41. fxe3 Kh5 42. Rd2 Bg4 43. b3 Be2 44. a4 bxa4 45. bxa4 Rc8 46. Rb2 Kg6 47. Kf2 Rxc3 48. Rb5 Rc1 49. Rxa5 Rf1+ 50. Kg2 d2 51. h5+ Kxh5 0-1